| 000 | 01462nam a2200337 c 4500 | ||
|---|---|---|---|
| 003 | BLK | ||
| 005 | 20180422102423.0 | ||
| 008 | 180408b bul|||||r ||||||| ||bul|| | ||
| 010 | _aKNG00065294000 | ||
| 040 | _aBLK | ||
| 041 |
_aBUL _cBUL |
||
| 080 |
_aБългарска литература _b821.163.2 _x.09 _z821.163.2.09 |
||
| 700 | 1 |
_aСестримски, Иван _eсъстав. на том _9363551 |
|
| 139 |
_aТворци на българската литература _bТ 43 |
||
| 245 | 1 | 0 |
_aТворци на българската литература _bОчерци : Т. 1 - _cсъстав. на том Иван Сестримски. _nТ. 1 |
| 250 | _a2. изд | ||
| 257 | _aBGR | ||
| 260 |
_аСофия _bБълг. писател _c1984 - |
||
| 300 | _c20 см | ||
| 380 | _a82 | ||
| 490 | 1 | _aБиблиотека за ученика | |
| 500 | _aСъдържа и био-библиогр. справки за авт. - Библиогр. след очерците. | ||
| 650 | 4 |
_aБългарска литература - популярна литература _9241947 |
|
| 653 | _aбългарска литература | ||
| 760 | 1 |
_b2. изд _d1984 _h511 с., 20 см _nДруги състав. и ред. К. Топалов, Кр. Станчев. _tТ. 1 |
|
| 852 | _aЦб 126479 | ||
| 856 | 4 |
_qpdf _u |
|
| 856 | 4 |
_qpdf _u |
|
| 942 |
_cKNG _n0 |
||
| 944 |
_aCR _c13.06.2004 _kВаля_Йорданова |
||
| 944 |
_aED _c26.09.2017 _kВася_Ганчева |
||
| 999 |
_c61101 _d61101 |
||